Statistics for Fast Typing: Capital Cities A to Z

Click here to take the quiz!

General Stats

  • This quiz has been taken 152 times
  • The average score is 5 of 24

Answer Stats

Capital % Correct
A
68%
B
60%
D
42%
C
35%
M
28%
L
25%
J
23%
P
20%
S
18%
W
18%
H
17%
F
12%
I
11%
T
11%
Z
11%
K
11%
O
11%
G
9%
R
9%
V
8%
Y
6%
Q
5%
N
3%
U
3%

Score Distribution

Percentile by Number Answered

Percent of People with Each Score

Your Score History

You have not taken this quiz